[Event "GER-chT10 LJ-22 Br02 email"]
[Site "GER email"]
[Date "2013.10.04"]
[Round "?"]
[White "Geissler, Walter"]
[Black "Raupach, Frank"]
[Result "1/2-1/2"]
[WhiteElo "2114"]
[BlackElo "2270"]
[PlyCount "49"]
[EventDate "2013.10.15"]
[EventType "tourn (corr)"]
[EventRounds "8"]
[EventCountry "GER"]
[SourceTitle "Corr 2015"]
[Source "ChessBase"]
[SourceDate "2015.07.17"]
[SourceVersion "1"]
[SourceVersionDate "2015.07.17"]
[SourceQuality "1"]

1. e4 c6 2. d4 d5 3. e5 c5 4. dxc5 Nc6 5. Bb5 e6 6. Be3 Nge7 7. c3 Bd7 8. Bxc6 Bxc6 9. Nf3 Nf5 10. Bd4 a5 11. 0-0 Be7 12. b4 Qd7 13. Nbd2 Bd8 14. a3 0-0 15. Re1 Bc7 16. Rb1 Ba4 17. Qc1 Bb5 18. Qc2 axb4 19. axb4 Ra4 20. Qb2 Rfa8 21. Ra1 Qd8 22. Rxa4 Rxa4 23. Ra1 Qa8 24. Rxa4 Qxa4 25. Qb1 1/2-1/2

[Event "GER-ch39 V04 email"]
[Site "GER email"]
[Date "2007.04.30"]
[Round "?"]
[White "Neumann, Bernd"]
[Black "Raupach, Frank"]
[Result "1/2-1/2"]
[WhiteElo "2232"]
[BlackElo "2234"]
[PlyCount "92"]
[EventDate "2007.??.??"]
[EventType "tourn (corr)"]
[EventRounds "10"]
[EventCountry "GER"]
[SourceTitle "Corr 2011"]
[Source "ChessBase"]
[SourceDate "2010.08.31"]
[SourceVersion "1"]
[SourceVersionDate "2010.08.31"]
[SourceQuality "1"]

1. e4 e6 2. d4 d5 3. Nc3 Bb4 4. e5 c5 5. a3 Bxc3+ 6. bxc3 Ne7 7. Qg4 Kf8 8. Bd2 Qc7 9. Bd3 b6 10. Nf3 cxd4 11. cxd4 Ba6 12. 0-0 Bxd3 13. cxd3 Kg8 14. Rfc1 Nbc6 15. Rc3 Qd7 16. Bg5 h6 17. Bf6 Nf5 18. Rac1 Nce7 19. Bxe7 Nxe7 20. Qf4 Rc8 21. h3 Kh7 22. Qxf7 Rhf8 23. Qh5 Rxc3 24. Rxc3 b5 25. Qg4 Rc8 26. Rc5 a5 27. Qh5 Kg8 28. Nd2 Nf5 29. Qg4 Rb8 30. h4 a4 31. h5 b4 32. axb4 Qb7 33. Nf1 a3 34. Qg6 Nxd4 35. Qg4 Nb5 36. Ne3 a2 37. Nc2 Qd7 38. Na1 d4 39. Kh2 Rf8 40. f4 Kh8 41. g3 Nc3 42. Ra5 Qc6 43. Ra7 Rg8 44. Ra5 Qb7 45. Nc2 Qc8 46. Qf3 Qd7 1/2-1/2

[Event "GER-ch36 fin email"]
[Site "GER email"]
[Date "2007.01.27"]
[Round "?"]
[White "Raupach, Frank"]
[Black "Zwicker, Thomas"]
[Result "1-0"]
[WhiteElo "2174"]
[BlackElo "2187"]
[PlyCount "97"]
[EventDate "2006.??.??"]
[EventType "tourn (corr)"]
[EventRounds "12"]
[EventCountry "GER"]
[SourceTitle "Corr 2008"]
[Source "ChessBase"]
[SourceDate "2008.06.24"]
[SourceVersion "1"]
[SourceVersionDate "2008.06.24"]
[SourceQuality "1"]

1. d4 Nf6 2. c4 g6 3. Nc3 Bg7 4. e4 d6 5. f3 0-0 6. Be3 e5 7. d5 c6 8. Qd2 cxd5 9. cxd5 Nbd7 10. Nb5 Nc5 11. Rc1 b6 12. Nc3 Ne8 13. b4 Na6 14. a3 Nac7 15. h4 h5 16. Bd3 f5 17. Nge2 f4 18. Bf2 Bd7 19. a4 Nf6 20. b5 Be8 21. Na2 Nd7 22. Nb4 Nc5 23. Nc6 Qd7 24. Qc2 a5 25. Nc3 Bf6 26. Nd1 Bf7 27. Nb2 Ne8 28. Nc4 Qc7 29. Rb1 Kh7 30. 0-0 Rg8 31. Rfd1 Nd7 32. N4xa5 bxa5 33. b6 Nxb6 34. Rxb6 Ng7 35. Rdb1 Qc8 36. Rb7 Qf8 37. Be1 g5 38. hxg5 Bxg5 39. Nxa5 Kh8 40. Nc4 Ne8 41. Nb6 Rd8 42. a5 h4 43. a6 h3 44. Bf1 hxg2 45. Bxg2 Bh5 46. a7 Be7 47. Rb3 Nf6 48. a8Q Rxa8 49. Nxa8 1-0

[Event "GER-ch36 fin email"]
[Site "GER email"]
[Date "2006.10.06"]
[Round "?"]
[White "Raupach, Frank"]
[Black "Stern, Werner"]
[Result "1-0"]
[WhiteElo "2174"]
[BlackElo "2346"]
[PlyCount "166"]
[EventDate "2006.??.??"]
[EventType "tourn (corr)"]
[EventRounds "12"]
[EventCountry "GER"]
[SourceTitle "Corr 2008"]
[Source "ChessBase"]
[SourceDate "2008.06.24"]
[SourceVersion "1"]
[SourceVersionDate "2008.06.24"]
[SourceQuality "1"]

1. d4 Nf6 2. c4 g6 3. Nc3 Bg7 4. e4 d6 5. f3 0-0 6. Be3 a6 7. Qd2 Nc6 8. Nge2 Rb8 9. Rc1 Nd7 10. h4 h5 11. Nd1 e5 12. d5 Ne7 13. b4 b6 14. g3 f5 15. Bg2 fxe4 16. fxe4 Nf6 17. 0-0 Ng4 18. Rxf8+ Qxf8 19. Bg5 Bh6 20. Rc3 Bxg5 21. Qxg5 Qf6 22. Qd2 Bd7 23. Ra3 Ra8 24. Rf3 Qg7 25. c5 Qh6 26. Qxh6 Nxh6 27. Rc3 Kf7 28. Ne3 bxc5 29. bxc5 Bb5 30. Nc1 Ng4 31. Nxg4 hxg4 32. c6 g5 33. h5 Nc8 34. Nd3 Nb6 35. Nf2 Rh8 36. Nxg4 Rxh5 37. Rf3+ Kg7 38. Rf5 Be2 39. Bf3 Bxf3 40. Rxf3 Nc4 41. Rf2 Rh8 42. Rc2 Nb6 43. Kg2 Kg6 44. Rc3 Na4 45. Rc4 Nb2 46. Rb4 Nd3 47. Rb7 Rh7 48. Rb8 Rf7 49. Rg8+ Kh5 50. Ne3 Nc5 51. g4+ Kh6 52. Rh8+ Kg7 53. Rh5 Rf4 54. Nf5+ Kg8 55. Rxg5+ Kh8 56. Ne7 Kh7 57. Rf5 Rxg4+ 58. Kf3 Rxe4 59. Rf7+ Kh6 60. Nc8 Ra4 61. Nxd6 e4+ 62. Ke3 Ra3+ 63. Kd4 cxd6 64. Rf6+ Kg5 65. Rxd6 Na4 66. c7 Rd3+ 67. Ke5 Rc3 68. Rxa6 Rxc7 69. d6 Rc5+ 70. Ke6 Kf4 71. Rxa4 Re5+ 72. Kd7 Rc5 73. Rd4 Kf3 74. Ke6 e3 75. d7 e2 76. Rd3+ Kf4 77. d8Q e1Q+ 78. Kd7 Rf5 79. Rd4+ Kf3 80. Qg8 Kf2 81. Qc4 Rf3 82. Rd6 Qe2 83. Qxe2+ Kxe2 1-0

[Event "GER-ch36 fin email"]
[Site "GER email"]
[Date "2006.10.06"]
[Round "?"]
[White "Ruemmele, Michael"]
[Black "Raupach, Frank"]
[Result "1/2-1/2"]
[WhiteElo "2395"]
[BlackElo "2174"]
[PlyCount "79"]
[EventDate "2006.??.??"]
[EventType "tourn (corr)"]
[EventRounds "12"]
[EventCountry "GER"]
[SourceTitle "Corr 2008"]
[Source "ChessBase"]
[SourceDate "2008.06.24"]
[SourceVersion "1"]
[SourceVersionDate "2008.06.24"]
[SourceQuality "1"]

1. d4 Nf6 2. c4 e6 3. Nc3 Bb4 4. e3 b6 5. Nge2 Ba6 6. Ng3 Bxc3+ 7. bxc3 d5 8. Ba3 Bxc4 9. Bxc4 dxc4 10. Qa4+ Qd7 11. Qxc4 Qc6 12. Qxc6+ Nxc6 13. c4 0-0-0 14. Ke2 Rd7 15. Rab1 Na5 16. Rhc1 c6 17. Bb4 Nb7 18. f3 Kc7 19. c5 b5 20. Be1 a5 21. Nh1 Kc8 22. Nf2 Nd5 23. Ne4 f6 24. Nd6+ Nxd6 25. cxd6 Kb7 26. Bg3 Nb6 27. e4 Re8 28. e5 Nd5 29. Rb2 Ra8 30. Kd3 Nb4+ 31. Ke4 f5+ 32. Ke3 Nd5+ 33. Ke2 g5 34. Be1 Nf4+ 35. Ke3 h5 36. Rbc2 Ra6 37. a3 Nd5+ 38. Kf2 h4 39. Bd2 Rg7 40. g4 1/2-1/2

[Event "GER-ch36 fin email"]
[Site "GER email"]
[Date "2006.07.09"]
[Round "?"]
[White "Bellmann, Herbert"]
[Black "Raupach, Frank"]
[Result "1/2-1/2"]
[WhiteElo "2293"]
[BlackElo "2174"]
[PlyCount "69"]
[EventDate "2006.??.??"]
[EventType "tourn (corr)"]
[EventRounds "12"]
[EventCountry "GER"]
[SourceTitle "Corr 2008"]
[Source "ChessBase"]
[SourceDate "2008.06.24"]
[SourceVersion "1"]
[SourceVersionDate "2008.06.24"]
[SourceQuality "1"]

1. c4 b6 2. d4 e6 3. a3 Nf6 4. Nc3 Bb7 5. Nf3 d5 6. Bg5 Be7 7. Qa4+ Qd7 8. Qc2 dxc4 9. e3 Bxf3 10. Bxf6 Bxf6 11. gxf3 b5 12. a4 c6 13. Bg2 a6 14. f4 Ra7 15. Be4 Qc7 16. 0-0 Nd7 17. f5 exf5 18. Bxf5 g6 19. Qe4+ Kf8 20. Bg4 Nb8 21. Qg2 Kg7 22. Kh1 Rd8 23. Ne4 Bh4 24. f4 Qe7 25. f5 Nd7 26. fxg6 hxg6 27. axb5 cxb5 28. Bxd7 Qxd7 29. Rf4 Rh8 30. Raf1 Qd5 31. Rf5 Qe6 32. Qg4 Kg8 33. d5 Qd7 34. Qg2 Rh7 35. Rg5 1/2-1/2

[Event "GER-ch36 fin email"]
[Site "GER email"]
[Date "2006.??.??"]
[Round "?"]
[White "Klapp, Herwig"]
[Black "Raupach, Frank"]
[Result "0-1"]
[WhiteElo "2193"]
[BlackElo "2174"]
[PlyCount "72"]
[EventDate "2006.??.??"]
[EventType "tourn (corr)"]
[EventRounds "12"]
[EventCountry "GER"]
[SourceTitle "Corr 2008"]
[Source "ChessBase"]
[SourceDate "2008.06.24"]
[SourceVersion "1"]
[SourceVersionDate "2008.06.24"]
[SourceQuality "1"]

1. e4 e6 2. d4 d5 3. Nd2 Nf6 4. e5 Nfd7 5. c3 c5 6. Bd3 Nc6 7. Ne2 cxd4 8. cxd4 f6 9. exf6 Nxf6 10. 0-0 Bd6 11. Nf3 Qc7 12. h3 0-0 13. Be3 Bd7 14. Rc1 Be8 15. Ng5 Qe7 16. f4 Bh5 17. g4 Be8 18. Nc3 a6 19. a3 b5 20. b4 a5 21. Nxb5 axb4 22. Nxd6 Qxd6 23. axb4 Nxb4 24. Bb1 h6 25. Nf3 Ra3 26. Re1 Ba4 27. Qe2 Ne4 28. g5 hxg5 29. Bxe4 dxe4 30. Nxg5 Nd5 31. Nxe4 Qb6 32. Qd2 e5 33. fxe5 Qg6+ 34. Bg5 Bd7 35. Qb2 Rff3 36. h4 Bf5 0-1

[Event "GER-ch36 V1 email"]
[Site "GER email"]
[Date "2004.03.29"]
[Round "?"]
[White "Leipert, Matthias"]
[Black "Raupach, Frank"]
[Result "1/2-1/2"]
[WhiteElo "2229"]
[BlackElo "2174"]
[PlyCount "63"]
[EventDate "2004.03.29"]
[EventType "tourn (corr)"]
[EventRounds "10"]
[EventCountry "GER"]
[SourceTitle "Corr 2008"]
[Source "ChessBase"]
[SourceDate "2008.06.24"]
[SourceVersion "1"]
[SourceVersionDate "2008.06.24"]
[SourceQuality "1"]

1. e4 e6 2. c4 d5 3. exd5 exd5 4. d4 Nf6 5. Nf3 Be7 6. Nc3 0-0 7. Be2 dxc4 8. Bxc4 Bg4 9. Be3 Nbd7 10. h3 Bh5 11. g4 Bg6 12. Ne5 Nb6 13. Nxg6 hxg6 14. Bb3 a5 15. a3 Nfd5 16. Qd3 a4 17. Ba2 Nxc3 18. bxc3 Nd5 19. h4 Ra6 20. h5 g5 21. h6 Rxh6 22. Rxh6 gxh6 23. Qf5 c6 24. Bb1 Nf6 25. Bxg5 hxg5 26. Qxg5+ Kh8 27. Qh4+ Kg8 28. Qg5+ Kh8 29. Qh6+ Kg8 30. Bf5 Re8 31. Qg5+ Kf8 32. Qh6+ 1/2-1/2

[Event "GER-ch36 V1 email"]
[Site "GER email"]
[Date "2004.03.29"]
[Round "?"]
[White "Reinecke, Rudolf"]
[Black "Raupach, Frank"]
[Result "1/2-1/2"]
[WhiteElo "2155"]
[BlackElo "2174"]
[PlyCount "66"]
[EventDate "2004.03.29"]
[EventType "tourn (corr)"]
[EventRounds "10"]
[EventCountry "GER"]
[SourceTitle "Corr 2008"]
[Source "ChessBase"]
[SourceDate "2008.06.24"]
[SourceVersion "1"]
[SourceVersionDate "2008.06.24"]
[SourceQuality "1"]

1. d4 e6 2. e4 d5 3. Nc3 Bb4 4. e5 c5 5. a3 Bxc3+ 6. bxc3 Ne7 7. Qg4 0-0 8. Bd3 Nbc6 9. Qh5 Ng6 10. Nf3 Qc7 11. Be3 Nce7 12. h4 Bd7 13. Bd2 c4 14. Be2 f6 15. Qg4 Nc6 16. h5 Nge7 17. exf6 Rxf6 18. h6 g6 19. Qg3 Qa5 20. 0-0 Raf8 21. a4 Bc8 22. Rfb1 R6f7 23. Qh2 Nf5 24. Bd1 Nfe7 25. Rb5 Qd8 26. Bg5 Rf5 27. Be3 b6 28. Be2 Bd7 29. Rbb1 Qb8 30. Qxb8 Rxb8 31. a5 b5 32. g4 Rff8 33. Kg2 a6 1/2-1/2